000 00719nam a22002417a 4500
999 _c632
_d632
001 3010003372
003 BD-DhUAP
005 20200126114559.0
008 200126s1995 nyu||||| |||| 001 0 eng d
020 _a1560249269
040 _aBD-DhUAP
_bEng
_cBD-DhUAP
_dBD-DhUAP
082 _223
_a306.7 BRO
100 _aBrown, Philip M.
245 _aThe death of intimacy :
_bbarriers to meaningful interpersonal relationships /
_cPhilip M. Brown.
260 _aNew York :
_bThe Haworth Press,
_cc1995.
300 _axii, 251 pages ;
_c21 cm.
490 _aHaworth marriage & the family.
500 _aIncludes index.
650 _aMan-woman relationships.
650 _aSex.
650 _aFamilies.
942 _2ddc
_cBK